Hodnotenie rozvojovej pomoci
Hodnotiace správy zamerané na potenciál identifikovať úspešné rozvojové stratégie nemusia uspokojivo riešiť problémy opodstatnenosti rozvojovej pomoci a otázky s tým spojené. Typy hodnotenia rozvojovej pomoci. Monitorovanie ako súčasť hodnotenia. Porovnanie hodnotiacich postupov vzhľadom na fázy pro...
Guardado en:
| Autor principal: | |
|---|---|
| Formato: | Capítulo de libro |
| Lenguaje: | eslovaco |
| Materias: | |
| Etiquetas: |
Sin Etiquetas, Sea el primero en etiquetar este registro!
|
MARC
| LEADER | 00000naa$a2200000$$$4500 | ||
|---|---|---|---|
| 001 | 0098168 | ||
| 005 | 20240502072102.4 | ||
| 041 | 0 | |a slo | |
| 044 | |a SK | ||
| 245 | 1 | 0 | |a Hodnotenie rozvojovej pomoci |c Michal Ščepán |
| 520 | |a Hodnotiace správy zamerané na potenciál identifikovať úspešné rozvojové stratégie nemusia uspokojivo riešiť problémy opodstatnenosti rozvojovej pomoci a otázky s tým spojené. Typy hodnotenia rozvojovej pomoci. Monitorovanie ako súčasť hodnotenia. Porovnanie hodnotiacich postupov vzhľadom na fázy procesu. | ||
| 610 | 2 | 0 | |a pomoc rozvojová |
| 610 | 2 | 0 | |a pomoc medzinárodná |
| 610 | 2 | 0 | |a pomoc finančná |
| 100 | 1 | |a Ščepán, Michal | |